| 000 | 00432nam a2200145Ia 4500 | ||
|---|---|---|---|
| 008 | 230917s9999||||xx |||||||||||||| ||und|| | ||
| 040 |
_e4218 _aMAIN |
||
| 041 | _aEnglish | ||
| 082 | _a332.45 Z75I | ||
| 100 | _aZolotas, Xenophon | ||
| 245 | 0 | _aInternational monetary issues and development policies: Selected essays and statements | |
| 260 |
_aNew York _bNew York University Press _c1977 |
||
| 300 | _axxxi, 503 p. | ||
| 942 | _cBK | ||
| 999 |
_c215630 _d215630 |
||